| 000 | 00453nam a2200181Ia 4500 | ||
|---|---|---|---|
| 008 | 230524s9999 xx 000 0 und d | ||
| 020 | _a978812653062 | ||
| 082 |
_a339 _bVAU |
||
| 100 | _aEmmett J.Vaughan | ||
| 245 | 0 | _a"Fundamentals of Risk And Insurance, " | |
| 250 | _aIST | ||
| 260 |
_aLUDHIANA _bJohn Wiley _c2009 |
||
| 300 | _aIV;16.55 | ||
| 500 | _aQuantity Number: 3 | ||
| 650 | _aManagement | ||
| 700 | _aTherese Vaughan | ||
| 942 | _cBK | ||
| 999 |
_c43336 _d43336 |
||